000
00290nam a22001217a 4500
082
_a
425
_b
SUN/E
100
_a
SUNITA,K.S
245
_a
ENGLISH CONVERSATION PRACTICE
260
_a
NEW DELHI
_b
STERLNG BOOK
300
_a
123
650
_a
ENGLISH CONVERSATION PRACTICE
_z
NEW DELHI
942
_c
BK
999
_c
3922
_d
3922